00742 a2200193 450000100060000002000150000604000260002110000230004724000400007024500350011030000070014536200090015265000310016194200070019295201070019995201090030695201160041599900170053148262 a8508014880 cAnchieta - Bela Vista aMachado, Ana Maria10aHistória meio ao contráriolpor10aHistória meio ao contrário a400 a1993 4aLiteratura infanto-juvenil cBK 00104070a91.4b91.4d2023-11-21l0o028.5 M149h MAC HISp8/BELr2023-11-21 17:39:31w2023-11-21yBK 00104070a91.4b91.4d2023-11-21l0o028.5 M149h MAC HISp206/BELr2023-11-21 17:39:31w2023-11-21yBK 00102udc4070a39.1b39.1d2024-07-22l0o028.5 M149hp4169/CCPr2024-07-22 19:32:23tEx. 1w2024-07-22yBKu c48262d48262